000 00600nam a22002057a 4500
005 20161006165221.0
010 _aENG-116185
020 _a9788186038321
_c350.00
020 _a8186038329
_c350.00
035 _aEN-99717
037 _bDBAD/PUB
082 _a519.5
245 _aIntroductory statistics /
_cedited by Anju Gupta
260 _aDelhi
_bShree Kala Prakashan
_c2013
270 _a42/43,U.B. Jawahar Nagar
_bDelhi
_e110007
300 _aix,123p.
_c21cm(Hb)
500 _aIncludes bibliographical references
700 _aGupta,Anju
942 _2ddc
_cEN
_h519.5
_mGUP
999 _c103914
_d103914